00229nam a2200097Ia 4500008004100000082001600041100002200057245002200079260001700101600001300118241002s9999 xx 000 0 und d a294.352 BUN aBunce, William K. 0aReligion in Japan aJapan:c1965 aReligion